Представление документа в формате RUSMARC

ПолеНазваниеЗначение
  Тип записи a
  Библиографический уровень m
001 Контрольный номер UONB/MAIN/046ec7a7062d47b9bebabb514dcb11b6
005 Дата корректировки 20251121115450.9
100 Данные общей обработки __
a Данные общей обработки 20240912d1984 m y0rusy0189 ca
101 Язык документа 0_
a Язык текста rus
102 Страна публикации __
a Страна публикации RU
105 Кодированные данные (монография) __
a Кодированные данные (монография) y z 000yy
200 Заглавие и сведения об ответственности 1_
a Заглавие Программа по эксплуатационной практике
e Сведения, относящиеся к заглавию спец. 1509
f Первые сведения об ответственности М-во сел. хоз-ва СССР, Ульян. с.-х. ин-т, Каф. "Эксплуатация машинно-тракторного парка"
203 Вид содержания и тип средства __
a Вид содержания Текст
b Характеристика содержания визуальный
c Тип средства непосредственный
210 Выходные данные 1_
a Место издания Ульяновск
c Издательство [б. и.]
d Дата издания 1984
215 Физическое описание __
a Объем 33 с.
d Формат 20 см
606 Тематические рубрики 0_
a Основная рубрика Сельскохозяйственные машины и орудия
j Формальный подзаголовок Учебники и пособия
610 Ключевые слова 0_
a Ключевые слова сельскохозяйственные машины и орудия
610 Ключевые слова 0_
a Ключевые слова программы по эксплуатационной практике
675 Индекс УДК __
a Индекс УДК 631.308-082
686 Индексы других классификаций __
a Классификационный индекс 40.72-082
2 Код системы rubbk
712 Наименование организации (Вторичная ответственность) 02
a Организация/ юрисдикция Ульяновский сельскохозяйственный институт
4 Код отношения 570
801 Источник записи _0
a Страна RU
b Организация Ульяновская ОНБ
c Дата составления 20240912
g Правила каталогизации RCR
801 Источник записи _1
a Страна RU
b Организация Ульяновская ОНБ
c Дата составления 20240912
g Правила каталогизации RCR
901 Тип документа __
t Тип документа m
909 Создатель записи __
a Создатель записи Королева
b Дата создания записи 20240912